000 00468nam a22001457a 4500
005 20151207095001.0
008 151207b xxu||||| |||| 00| 0 eng d
020 _a9789698455965
040 _cPK-LaUMT
082 _aMSC 332.153
_bAAL-
245 _aعالمی بینکگاروں کی دہشت گردی
_bسرمائے کے آقا
_cفرخ سہیل گوئندی(مرتب
260 _aلاہور
_bجمہوری پبلیکیشنز
_c2012
300 _a111 ص
942 _cBK
999 _c80590
_d80590